[Event "LUX-chT 2016/17"]
[Site "Luxembourg"]
[Date "2016.11.20"]
[Round "4"]
[White "Mauquoi, Rudi"]
[Black "Goossens, Etienne"]
[Result "0-1"]
[WhiteElo "1965"]
[BlackElo "2183"]
[PlyCount "112"]
[EventDate "2016.09.25"]
[EventType "team-tourn"]
[EventRounds "10"]
[EventCountry "LUX"]
[SourceTitle "EXT 2018"]
[Source "ChessBase"]
[SourceDate "2017.10.13"]
[SourceVersion "1"]
[SourceVersionDate "2017.10.13"]
[SourceQuality "1"]

1. e4 e5 2. d4 exd4 3. Qxd4 Nc6 4. Qe3 Nf6 5. Nc3 Be7 6. Bd2 d5 7. exd5 Nxd5 8. Nxd5 Qxd5 9. Ne2 Bf5 10. Nf4 Qd7 11. Bd3 0-0-0 12. Bxf5 Qxf5 13. Qh3 Qxh3 14. Nxh3 Nb4 15. 0-0-0 Nxa2+ 16. Kb1 Nb4 17. Bc3 Rxd1+ 18. Rxd1 Rg8 19. Nf4 g6 20. h4 h5 21. g3 Nc6 22. Nd5 Rd8 23. Nxe7+ Nxe7 24. Re1 Nf5 25. Kc1 Rd6 26. Re8+ Rd8 27. Re1 b6 28. Bf6 Rd5 29. Re8+ Kd7 30. Rf8 Nd6 31. Bg5 a5 32. Rd8+ Ke6 33. Rf8 a4 34. Bf4 Rf5 35. Ra8 b5 36. Rb8 Rd5 37. Ra8 Rd4 38. Ra7 Rc4 39. Ra5 Rc5 40. Ra6 Rd5 41. Ra7 Kd7 42. Ra8 Kc6 43. Rf8 Rf5 44. Ra8 Kb7 45. Rd8 Kc6 46. Ra8 Nc4 47. Ra7 Kb6 48. Ra8 Kb7 49. Re8 Nb6 50. Be3 Nd5 51. Bd4 c5 52. Be3 Nxe3 53. fxe3 b4 54. Re4 Rf2 55. Re5 Rf1+ 56. Kd2 a3 0-1

[Event "Luxembourg-chT 1415"]
[Site "Luxembourg"]
[Date "2015.02.01"]
[Round "7"]
[White "Masquelier, Quentin"]
[Black "Mauquoi, Rudi"]
[Result "1-0"]
[WhiteElo "1819"]
[BlackElo "2031"]
[PlyCount "55"]
[EventDate "2014.10.05"]
[EventType "team-tourn"]
[EventRounds "10"]
[EventCountry "LUX"]
[SourceTitle "EXT 2017"]
[Source "ChessBase"]
[SourceDate "2016.10.25"]
[SourceVersion "1"]
[SourceVersionDate "2016.10.25"]
[SourceQuality "1"]

1. Nf3 Nf6 2. d4 e6 3. e3 b6 4. Bd3 Bb7 5. Nbd2 c5 6. c3 Be7 7. e4 Nc6 8. 0-0 Rc8 9. e5 Nd5 10. dxc5 Nf4 11. Ne4 Nxd3 12. Qxd3 bxc5 13. Bg5 c4 14. Bxe7 Nxe7 15. Nd6+ Kf8 16. Qd2 Rc7 17. Ng5 Qa8 18. Qf4 Nf5 19. g4 g6 20. gxf5 gxf5 21. f3 Rg8 22. Kf2 Rg7 23. Rg1 a5 24. Rg3 Qa7+ 25. Qe3 Qxe3+ 26. Kxe3 h6 27. Nh3 Rxg3 28. hxg3 1-0

[Event "Luxembourg-chT 1314"]
[Site "Luxembourg"]
[Date "2014.03.30"]
[Round "9"]
[White "Mauquoi, Rudi"]
[Black "Trauth, Michael"]
[Result "1/2-1/2"]
[WhiteElo "2031"]
[BlackElo "2165"]
[PlyCount "47"]
[EventDate "2013.10.05"]
[EventType "team-tourn"]
[EventRounds "10"]
[EventCountry "LUX"]
[SourceTitle "EXT 2017"]
[Source "ChessBase"]
[SourceDate "2016.10.25"]
[SourceVersion "1"]
[SourceVersionDate "2016.10.25"]
[SourceQuality "1"]

1. e4 c5 2. Nf3 Nc6 3. d4 cxd4 4. Nxd4 e5 5. Nb5 a6 6. Nd6+ Bxd6 7. Qxd6 Qf6 8. Qxf6 Nxf6 9. Nc3 Nb4 10. Bd3 Nxd3+ 11. cxd3 d6 12. 0-0 Be6 13. Be3 0-0 14. f3 Rac8 15. d4 Rc4 16. d5 Bd7 17. Rfc1 Rfc8 18. Ne2 Rc2 19. Ng3 Rxb2 20. Rxc8+ Bxc8 21. Rc1 Bd7 22. Rc7 Rb1+ 23. Kf2 Rb2+ 24. Kg1 1/2-1/2

[Event "Luxembourg-chT 1314"]
[Site "Luxembourg"]
[Date "2014.02.09"]
[Round "7"]
[White "Klauner, Theo"]
[Black "Mauquoi, Rudi"]
[Result "1/2-1/2"]
[WhiteElo "2056"]
[BlackElo "2031"]
[PlyCount "41"]
[EventDate "2013.10.05"]
[EventType "team-tourn"]
[EventRounds "10"]
[EventCountry "LUX"]
[SourceTitle "EXT 2017"]
[Source "ChessBase"]
[SourceDate "2016.10.25"]
[SourceVersion "1"]
[SourceVersionDate "2016.10.25"]
[SourceQuality "1"]

1. c4 e5 2. g3 Nf6 3. Bg2 d5 4. cxd5 Nxd5 5. Nc3 Nb6 6. Nf3 Nc6 7. 0-0 Be7 8. d3 0-0 9. a3 Re8 10. b4 Bf8 11. Bb2 a5 12. b5 Nd4 13. e3 Nxf3+ 14. Bxf3 a4 15. Qe2 f5 16. Rfe1 Re7 17. Qf1 Rd7 18. Rad1 Rd6 19. Nb1 Qe8 20. Nc3 Rb8 21. Qg2 1/2-1/2

[Event "Luxembourg-chT 1213"]
[Site "Luxembourg"]
[Date "2012.12.10"]
[Round "3"]
[White "Mauquoi, Rudi"]
[Black "Linster, Philippe"]
[Result "0-1"]
[WhiteElo "2031"]
[BlackElo "2125"]
[PlyCount "46"]
[EventDate "2012.10.??"]
[EventType "team-tourn"]
[EventRounds "10"]
[EventCountry "LUX"]
[SourceTitle "EXT 2017"]
[Source "ChessBase"]
[SourceDate "2016.10.25"]
[SourceVersion "1"]
[SourceVersionDate "2016.10.25"]
[SourceQuality "1"]

1. e4 e5 2. d4 exd4 3. Qxd4 Nc6 4. Qe3 Nf6 5. Nc3 Bb4 6. Bd2 0-0 7. 0-0-0 Re8 8. Qg3 Rxe4 9. a3 Ba5 10. Bd3 Rg4 11. Qh3 d6 12. f3 Rd4 13. Qg3 Ne5 14. f4 Nxd3+ 15. cxd3 Bf5 16. Qg5 Qd7 17. Be3 Bxc3 18. bxc3 Rxd3 19. Rxd3 Bxd3 20. Qa5 Qe6 21. Kd2 Qc4 22. Bd4 Ne4+ 23. Ke3 c5 0-1

[Event "Luxembourg-chT 1112"]
[Site "Luxembourg"]
[Date "2012.05.10"]
[Round "9"]
[White "Ajdarpasic, Kemal"]
[Black "Mauquoi, Rudi"]
[Result "1/2-1/2"]
[WhiteElo "2031"]
[BlackElo "2031"]
[PlyCount "37"]
[EventDate "2011.10.??"]
[EventType "team-tourn"]
[EventRounds "10"]
[EventCountry "LUX"]
[SourceTitle "EXT 2017"]
[Source "ChessBase"]
[SourceDate "2016.10.25"]
[SourceVersion "1"]
[SourceVersionDate "2016.10.25"]
[SourceQuality "1"]

1. e4 g6 2. d4 Bg7 3. Nf3 d6 4. Be3 a6 5. c3 Nf6 6. Nbd2 0-0 7. h3 b6 8. Qc2 Bb7 9. Bd3 Nbd7 10. d5 Nc5 11. Bxc5 dxc5 12. 0-0 b5 13. c4 bxc4 14. Nxc4 c6 15. dxc6 Bxc6 16. Nce5 Bb7 17. Qxc5 Bxe4 18. Bxe4 Nxe4 19. Qe3 1/2-1/2

[Event "Lille Luce op 1st"]
[Site "Lille"]
[Date "2010.04.03"]
[Round "1"]
[White "Doncea, Vladimir"]
[Black "Mauquoi, Rudi"]
[Result "1-0"]
[WhiteElo "2475"]
[BlackElo "2022"]
[PlyCount "121"]
[EventDate "2010.04.03"]
[EventType "swiss"]
[EventRounds "9"]
[EventCountry "FRA"]
[SourceTitle "EXT 2011"]
[Source "ChessBase"]
[SourceDate "2010.11.26"]
[SourceVersion "1"]
[SourceVersionDate "2010.11.26"]
[SourceQuality "1"]

1. d4 Nf6 2. Nf3 b6 3. Bg5 Bb7 4. Nc3 d5 5. e3 Nbd7 6. Ne5 c6 7. Bd3 h6 8. Ng6 Rg8 9. Bh4 e6 10. Nxf8 Nxf8 11. f4 Ng6 12. Bxg6 fxg6 13. Qd3 Kf7 14. Nd1 a5 15. c3 Ba6 16. Qc2 Qd7 17. Nf2 c5 18. 0-0-0 Qc6 19. Rhe1 Rac8 20. e4 cxd4 21. Rxd4 Qc5 22. Bxf6 gxf6 23. exd5 Qxd4 24. dxe6+ Ke7 25. cxd4 Rxc2+ 26. Kxc2 Rd8 27. Ng4 h5 28. Nh6 Rh8 29. Nf7 Rc8+ 30. Kb3 Bc4+ 31. Ka3 Bxe6 32. d5 Kxf7 33. Rxe6 Rd8 34. Rxb6 Rxd5 35. g3 Rd2 36. h4 Rd4 37. Rb5 Rd3+ 38. Rb3 Rd4 39. Rb5 Rd3+ 40. Rb3 Rd4 41. Re3 Rb4 42. b3 Rd4 43. Kb2 Rd2+ 44. Kb1 Kf8 45. a3 Kf7 46. b4 axb4 47. axb4 Rd4 48. Rb3 Ke7 49. Kc2 Rd5 50. Re3+ Kf7 51. Kc3 Rd1 52. b5 Rb1 53. Kc4 Rc1+ 54. Kd5 Rb1 55. Kc6 Rc1+ 56. Kb7 Rb1 57. b6 Rb2 58. Kc7 Rc2+ 59. Kb8 Rb2 60. b7 Rb1 61. Ra3 1-0

[Event "EU-Cup 24th"]
[Site "Kallithea"]
[Date "2008.10.21"]
[Round "5"]
[White "Mauquoi, Rudi"]
[Black "Tauber, Marek"]
[Result "0-1"]
[WhiteElo "2032"]
[BlackElo "2193"]
[PlyCount "118"]
[EventDate "2008.10.17"]
[EventType "team-swiss"]
[EventRounds "7"]
[EventCountry "GRE"]
[SourceTitle "CBM 127"]
[Source "ChessBase"]
[SourceDate "2008.11.13"]
[SourceVersion "1"]
[SourceVersionDate "2008.11.13"]
[SourceQuality "1"]
[WhiteTeam "Differdange"]
[BlackTeam "Kosice"]
[WhiteTeamCountry "LUX"]
[BlackTeamCountry "SVK"]

1. e4 c5 2. Nc3 Nc6 3. g3 g6 4. Bg2 Bg7 5. d3 e6 6. f4 Nge7 7. Nf3 d6 8. 0-0 0-0 9. Be3 b6 10. h3 f5 11. Ng5 h6 12. Nf3 Rb8 13. Qd2 Bb7 14. Rae1 Nd4 15. Bf2 Qd7 16. Nxd4 cxd4 17. Ne2 e5 18. c3 dxc3 19. bxc3 Kh7 20. d4 Rbd8 21. exf5 Nxf5 22. g4 Bxg2 23. Kxg2 Qb7+ 24. Kh2 Ne7 25. Bg3 e4 26. Bh4 Rde8 27. Bxe7 Rxe7 28. Ng3 Qd5 29. f5 g5 30. Qf2 Qc6 31. Re3 d5 32. Qe2 Rc7 33. Nh5 Bf6 34. Nxf6+ Qxf6 35. Qf2 Rfc8 36. Rc1 Qd6+ 37. Qg3 Qf4 38. Kg2 Rc4 39. Qe1 Kg7 40. Qd2 Kf6 41. Rf1 Qc7 42. Rc1 b5 43. Qb2 b4 44. a3 bxc3 45. Qb5 Qc6 46. Qa5 Rc7 47. Rc2 a6 48. Rg3 Qb5 49. Qxb5 axb5 50. Kf2 Rxd4 51. Rgxc3 Rdc4 52. Rxc4 bxc4 53. Ke1 Ke5 54. Kd1 e3 55. Rb2 d4 56. Rb6 d3 57. Re6+ Kd4 58. f6 Rb7 59. Kc1 e2 0-1

[Event "Bad Woerishofen op 24th"]
[Site "Bad Woerishofen"]
[Date "2008.02.29"]
[Round "2"]
[White "Wolfram, Gisbert"]
[Black "Mauquoi, Rudi"]
[Result "0-1"]
[WhiteElo "1582"]
[BlackElo "1938"]
[PlyCount "92"]
[EventDate "2008.02.28"]
[EventType "swiss"]
[EventRounds "9"]
[EventCountry "GER"]
[SourceTitle "EXT 2022"]
[Source "ChessBase"]
[SourceDate "2021.10.06"]
[SourceVersion "1"]
[SourceVersionDate "2021.10.06"]
[SourceQuality "1"]

1. Nf3 Nf6 2. g3 b6 3. Bg2 Bb7 4. 0-0 e6 5. d4 c5 6. c4 Qc7 7. Bf4 d6 8. Nc3 a6 9. b3 cxd4 10. Na4 e5 11. Bc1 b5 12. cxb5 axb5 13. Nb2 Be7 14. e3 dxe3 15. Bxe3 0-0 16. Nh4 Bxg2 17. Kxg2 Qb7+ 18. Kg1 g6 19. Nf3 Nbd7 20. Re1 Rfc8 21. Qe2 Nd5 22. Rec1 Nc3 23. Qd2 b4 24. Ne1 d5 25. f4 d4 26. Bf2 exf4 27. Bxd4 fxg3 28. hxg3 Bc5 29. Bxc5 Rxc5 30. Nc4 Rh5 31. Qg2 Ne2+ 32. Kf1 Qxg2+ 33. Kxg2 Nxc1 34. Rxc1 Rxa2+ 35. Rc2 Rxc2+ 36. Nxc2 Ne5 37. Nxb4 Nxc4 38. bxc4 Rc5 39. Nd3 Rxc4 40. Kf2 Rc2+ 41. Ke3 Rc3 42. g4 Kg7 43. Kd4 Rxd3+ 44. Kxd3 Kf6 45. Ke4 Kg5 46. Kf3 Kh4 0-1

[Event "Kaupthing op-A 1st"]
[Site "Differdange"]
[Date "2007.07.14"]
[Round "9"]
[White "Mauquoi, Rudi"]
[Black "Bishop, Peter"]
[Result "1-0"]
[WhiteElo "2064"]
[BlackElo "1853"]
[PlyCount "57"]
[EventDate "2007.07.07"]
[EventType "swiss"]
[EventRounds "9"]
[EventCountry "LUX"]
[SourceTitle "CBM 119 Extra"]
[Source "ChessBase"]
[SourceDate "2007.09.04"]
[SourceVersion "1"]
[SourceVersionDate "2007.09.04"]
[SourceQuality "1"]

1. c4 e5 2. Nc3 Nf6 3. Nf3 Nc6 4. d4 e4 5. Nd2 d5 6. cxd5 Nxd5 7. Ndxe4 Bf5 8. e3 Bxe4 9. Nxe4 Bb4+ 10. Bd2 Qe7 11. Bd3 Rd8 12. 0-0 Bd6 13. Nxd6+ Rxd6 14. Rc1 Qh4 15. Qf3 0-0 16. Qg3 Qxg3 17. hxg3 Nf6 18. Bb5 Rc8 19. Bxc6 bxc6 20. Bb4 Re6 21. Rc5 Rb8 22. a3 Nd5 23. Rfc1 Ne7 24. Ra5 Rb7 25. Bxe7 Rxe7 26. Rxc6 Rxb2 27. Rxa7 Rb1+ 28. Kh2 g6 29. Rcxc7 1-0

[Event "Kaupthing op-A 1st"]
[Site "Differdange"]
[Date "2007.07.10"]
[Round "5"]
[White "Mauquoi, Rudi"]
[Black "Kasparova, Tatiana"]
[Result "0-1"]
[WhiteElo "2064"]
[BlackElo "2217"]
[PlyCount "98"]
[EventDate "2007.07.07"]
[EventType "swiss"]
[EventRounds "9"]
[EventCountry "LUX"]
[SourceTitle "CBM 119 Extra"]
[Source "ChessBase"]
[SourceDate "2007.09.04"]
[SourceVersion "1"]
[SourceVersionDate "2007.09.04"]
[SourceQuality "1"]

1. c4 c5 2. Nc3 g6 3. Nf3 Bg7 4. d4 cxd4 5. Nxd4 Nc6 6. Nxc6 dxc6 7. Qxd8+ Kxd8 8. Bd2 f5 9. 0-0-0 Kc7 10. e4 e5 11. f4 Nf6 12. fxe5 Ng4 13. Bf4 Bxe5 14. Bxe5+ Nxe5 15. exf5 Bxf5 16. Be2 Rad8 17. Rxd8 Rxd8 18. Rd1 Rxd1+ 19. Kxd1 Kd6 20. b4 Nd3 21. b5 Kc5 22. Kd2 Ne5 23. Na4+ Kb4 24. b6 axb6 25. Nxb6 Kc5 26. Na4+ Kd4 27. Nb2 Be6 28. a3 Bxc4 29. Bd1 Bd5 30. g3 h6 31. h4 g5 32. hxg5 hxg5 33. Bh5 Nc4+ 34. Nxc4 Kxc4 35. Kc2 Kd4 36. Kd2 c5 37. Bg4 b6 38. Bd7 c4 39. Be8 c3+ 40. Kc2 Be4+ 41. Kc1 Ke3 42. Bd7 Kf2 43. g4 Ke3 44. Bc8 Kd4 45. Be6 Kc5 46. Bd7 Kc4 47. Be6+ Bd5 48. Bd7 Kb3 49. a4 Kb4 0-1

[Event "Kaupthing op-A 1st"]
[Site "Differdange"]
[Date "2007.07.08"]
[Round "2"]
[White "Holm Pedersen, Sejer"]
[Black "Mauquoi, Rudi"]
[Result "1-0"]
[WhiteElo "2262"]
[BlackElo "2064"]
[PlyCount "143"]
[EventDate "2007.07.07"]
[EventType "swiss"]
[EventRounds "9"]
[EventCountry "LUX"]
[SourceTitle "CBM 119 Extra"]
[Source "ChessBase"]
[SourceDate "2007.09.04"]
[SourceVersion "1"]
[SourceVersionDate "2007.09.04"]
[SourceQuality "1"]

1. d4 Nf6 2. c4 e6 3. Nf3 b6 4. e3 Bb7 5. Bd3 Be7 6. 0-0 0-0 7. b3 d5 8. Bb2 c5 9. Nbd2 Nc6 10. Rc1 Rc8 11. Qe2 Qc7 12. Rfd1 Rfd8 13. cxd5 Nxd5 14. dxc5 bxc5 15. Bb1 a5 16. Nc4 Ba6 17. Qc2 g6 18. a3 Rb8 19. e4 Nf6 20. Nce5 Qb7 21. Nxc6 Rxd1+ 22. Rxd1 Qxc6 23. Be5 Rd8 24. Rxd8+ Bxd8 25. Nd2 Ng4 26. Bg3 Qb5 27. h3 Nf6 28. Bf4 Nh5 29. Be3 Be7 30. g4 Nf6 31. a4 Qe2 32. Nc4 Qe1+ 33. Kg2 Bb7 34. f3 Nd7 35. Bf2 Qb4 36. Qd1 Bc6 37. Be1 Qb8 38. Nxa5 Qc7 39. Nxc6 Qxc6 40. Bd3 Ne5 41. Bb5 Qb7 42. Bc3 Qc7 43. a5 h5 44. a6 h4 45. f4 Nc6 46. Bxc6 Qxc6 47. Qd3 Qc7 48. Be5 Qa5 49. g5 Qa2+ 50. Kf3 Qh2 51. Kg4 Qg2+ 52. Kxh4 f6 53. Bxf6 Qf2+ 54. Qg3 Qe2 55. Qg1 Bd6 56. e5 Bb8 57. Kg3 Qxa6 58. Qd1 Qb6 59. Qd8+ Qxd8 60. Bxd8 Ba7 61. Kf3 Kf7 62. Ke4 Ke8 63. Ba5 Kd7 64. Kd3 c4+ 65. bxc4 Bf2 66. Bd2 Kc6 67. Be3 Be1 68. Ke2 Bc3 69. h4 Bb4 70. Kf3 Bf8 71. Kg4 Kd7 72. h5 1-0

[Event "EU-Cup 20th"]
[Site "Izmir"]
[Date "2004.10.09"]
[Round "7.5"]
[White "Mauquoi, Rudi"]
[Black "Schmidt, Martin"]
[Result "0-1"]
[WhiteElo "2082"]
[BlackElo "2167"]
[PlyCount "118"]
[EventDate "2004.10.03"]
[EventType "team-swiss"]
[EventRounds "7"]
[EventCountry "TUR"]
[SourceTitle "CBM 104"]
[Source "ChessBase"]
[SourceDate "2005.01.27"]
[SourceVersion "1"]
[SourceVersionDate "2005.01.27"]
[SourceQuality "1"]
[WhiteTeam "Differdange"]
[BlackTeam "Dublin"]
[WhiteTeamCountry "LUX"]
[BlackTeamCountry "IRL"]

1. e4 c6 2. d4 d5 3. Nc3 dxe4 4. Nxe4 Bf5 5. Ng3 Bg6 6. h4 h6 7. h5 Bh7 8. f4 e6 9. Nf3 Bd6 10. Bd3 Bxd3 11. Qxd3 Nf6 12. Bd2 Nbd7 13. Ne5 c5 14. Nxd7 Qxd7 15. dxc5 Bxc5 16. Qxd7+ Nxd7 17. Ne4 f5 18. Nxc5 Nxc5 19. 0-0-0 Ne4 20. Be3 Ke7 21. Rd3 Rhd8 22. Rhd1 Nf6 23. Bc5+ Ke8 24. Rxd8+ Rxd8 25. Rxd8+ Kxd8 26. Bxa7 Nxh5 27. Be3 Kd7 28. Kd2 e5 29. fxe5 Ke6 30. Bd4 Nf4 31. c4 g5 32. a4 Nxg2 33. a5 Nh4 34. Ke2 Ng6 35. b4 Nxe5 36. c5 Nc6 37. Bc3 Ne7 38. Kd3 Kd5 39. Bd2 f4 40. Ke2 Ke4 41. Bc3 g4 42. Bf6 Nc6 43. b5 Nxa5 44. Bd8 Nb3 45. c6 bxc6 46. b6 Nc5 47. Be7 Nb7 48. Bh4 c5 49. Bf6 c4 50. Bg7 h5 51. Bf6 g3 52. Bh4 f3+ 53. Kd2 Kf4 54. Bf6 Kg4 55. Ke1 h4 56. Kf1 h3 57. Kg1 f2+ 58. Kf1 Kf3 59. Bd4 g2# 0-1

[Event "EU-Cup 20th"]
[Site "Izmir"]
[Date "2004.10.08"]
[Round "6.6"]
[White "Mauquoi, Rudi"]
[Black "Salminen, Jussi"]
[Result "1-0"]
[WhiteElo "2082"]
[BlackElo "1981"]
[PlyCount "47"]
[EventDate "2004.10.03"]
[EventType "team-swiss"]
[EventRounds "7"]
[EventCountry "TUR"]
[SourceTitle "CBM 104"]
[Source "ChessBase"]
[SourceDate "2005.01.27"]
[SourceVersion "1"]
[SourceVersionDate "2005.01.27"]
[SourceQuality "1"]
[WhiteTeam "Differdange"]
[BlackTeam "Helsinki"]
[WhiteTeamCountry "LUX"]
[BlackTeamCountry "FIN"]

1. e4 c5 2. Nc3 Nc6 3. g3 g6 4. Bg2 Bg7 5. d3 e6 6. f4 d6 7. Nf3 Nge7 8. 0-0 0-0 9. Be3 b6 10. d4 Bb7 11. Qd2 Re8 12. Rad1 Rc8 13. Qf2 c4 14. g4 f5 15. Ng5 Qd7 16. d5 exd5 17. exd5 Nb4 18. a3 Na6 19. Rfe1 Nc5 20. Qh4 h6 21. Ne6 fxg4 22. Nxg7 Kxg7 23. Bd4+ Kf7 24. Qf6+ 1-0

[Event "EU-Cup 20th"]
[Site "Izmir"]
[Date "2004.10.03"]
[Round "1.6"]
[White "Teran Alvarez, Ismael"]
[Black "Mauquoi, Rudi"]
[Result "1-0"]
[WhiteElo "2431"]
[BlackElo "2082"]
[PlyCount "59"]
[EventDate "2004.10.03"]
[EventType "team-swiss"]
[EventRounds "7"]
[EventCountry "TUR"]
[SourceTitle "CBM 104"]
[Source "ChessBase"]
[SourceDate "2005.01.27"]
[SourceVersion "1"]
[SourceVersionDate "2005.01.27"]
[SourceQuality "1"]
[WhiteTeam "Tiendas"]
[BlackTeam "Differdange"]
[WhiteTeamCountry "ESP"]
[BlackTeamCountry "LUX"]

1. e4 e6 2. d3 c5 3. Nf3 Nc6 4. g3 d6 5. Bg2 Nge7 6. 0-0 g6 7. d4 Bg7 8. c3 0-0 9. d5 exd5 10. exd5 Ne5 11. Nxe5 Bxe5 12. Re1 Rb8 13. Bg5 Re8 14. Na3 Qd7 15. Nc4 f6 16. Nxe5 fxe5 17. f4 Qf5 18. Be4 Qh3 19. fxe5 dxe5 20. d6 Nc6 21. Bd5+ Be6 22. d7 Rf8 23. Qb3 Bf7 24. Rf1 Qxd7 25. Rxf7 Rxf7 26. Rf1 Rbf8 27. Qc4 b6 28. Bh6 Na5 29. Qe4 Kh8 30. Qxe5+ 1-0

[Event "Luxembourg-chT 9900"]
[Site "Luxembourg"]
[Date "2000.02.20"]
[Round "7"]
[White "Mauquoi, Rudi"]
[Black "Schammo, Jean"]
[Result "1/2-1/2"]
[WhiteElo "2087"]
[BlackElo "2100"]
[PlyCount "86"]
[EventDate "1999.10.24"]
[EventType "team"]
[EventRounds "10"]
[EventCountry "LUX"]
[SourceTitle "EXT 2005"]
[Source "ChessBase"]
[SourceDate "2004.11.15"]
[SourceVersion "1"]
[SourceVersionDate "2004.11.15"]
[SourceQuality "1"]

1. c4 e5 2. g3 Nf6 3. Bg2 c6 4. d4 exd4 5. Qxd4 d5 6. cxd5 cxd5 7. Nf3 Nc6 8. Qa4 Be7 9. 0-0 0-0 10. Rd1 Qb6 11. Nc3 Rd8 12. Qb5 Qxb5 13. Nxb5 Bg4 14. Be3 a6 15. Nbd4 Rac8 16. Rac1 Nxd4 17. Bxd4 Rxc1 18. Rxc1 Rc8 19. Rxc8+ Bxc8 20. Ne5 Be6 21. Nd3 Bd6 22. Nc5 Bxc5 23. Bxc5 Ne4 24. Bb4 b6 25. Be7 Nc5 26. Bd6 f6 27. Bf4 Na4 28. Bc1 b5 29. Kf1 Kf7 30. Ke1 Ke7 31. Kd2 Kd6 32. Kd3 Nb6 33. Kd4 Nd7 34. Bd2 g6 35. Bb4+ Kc6 36. Be7 f5 37. Bd8 Kd6 38. Ba5 Bg8 39. Bb4+ Kc6 40. Be7 Bf7 41. h3 Be6 42. f4 h5 43. Bd8 Kd6 1/2-1/2

[Event "Luxembourg-chT 9900"]
[Site "Luxembourg"]
[Date "2000.01.23"]
[Round "5"]
[White "Mauquoi, Rudi"]
[Black "Gnad, Gunnar"]
[Result "1-0"]
[WhiteElo "2087"]
[BlackElo "1965"]
[PlyCount "137"]
[EventDate "1999.10.24"]
[EventType "team"]
[EventRounds "10"]
[EventCountry "LUX"]
[SourceTitle "EXT 2005"]
[Source "ChessBase"]
[SourceDate "2004.11.15"]
[SourceVersion "1"]
[SourceVersionDate "2004.11.15"]
[SourceQuality "1"]

1. c4 e5 2. g3 Nf6 3. Bg2 c6 4. d4 exd4 5. Qxd4 Be7 6. Nc3 0-0 7. e4 d6 8. Nf3 Re8 9. 0-0 Nbd7 10. Bf4 Nf8 11. Qd3 Ne6 12. Bd2 Qc7 13. Rad1 Bd7 14. Nh4 g6 15. Kh1 Rad8 16. f4 Bf8 17. f5 Nc5 18. Qd4 Ng4 19. Bg5 Bg7 20. Bxd8 Qxd8 21. Qxd6 Bf8 22. Qd4 Qb6 23. fxg6 hxg6 24. h3 Ne5 25. Ne2 Bg7 26. Qf2 Re7 27. b3 Qc7 28. Qf4 Be6 29. Qg5 Kh7 30. Nf3 f6 31. Qh4+ Kg8 32. Nxe5 fxe5 33. Qg5 Bf7 34. h4 Ne6 35. Qd2 Kh7 36. Qd6 Qxd6 37. Rxd6 Bf8 38. Rdd1 Kg7 39. Bh3 Nc5 40. Nc3 Be8 41. Rd8 b6 42. Rfd1 Ne6 43. Bxe6 Rxe6 44. Ra8 Bb4 45. Rxa7+ Kh6 46. Ne2 g5 47. hxg5+ Kxg5 48. Rd8 Bg6 49. Rg8 Kf6 50. g4 Bxe4+ 51. Kh2 Bg6 52. Ng3 e4 53. Rag7 Be8 54. Kg2 Ke5 55. Ne2 Bd2 56. Rb7 Be3 57. Rb8 Bf7 58. Rgf8 Re7 59. Rbc8 Kd6 60. Rfd8+ Kc5 61. a3 Be6 62. Nc3 Bd7 63. Rc7 Kd6 64. Rb7 Rg7 65. Nxe4+ Ke6 66. Re8+ Re7 67. Rxe7+ Kxe7 68. Nf6 Kxf6 69. Rxd7 1-0

[Event "Luxembourg-chT 9899"]
[Site "Luxembourg"]
[Date "1999.03.14"]
[Round "9"]
[White "Mauquoi, Rudi"]
[Black "Poulsen, Helge"]
[Result "1/2-1/2"]
[WhiteElo "2060"]
[BlackElo "2115"]
[PlyCount "49"]
[EventDate "1998.10.08"]
[EventType "team"]
[EventRounds "10"]
[EventCountry "LUX"]
[SourceTitle "EXT 2005"]
[Source "ChessBase"]
[SourceDate "2004.11.15"]
[SourceVersion "1"]
[SourceVersionDate "2004.11.15"]
[SourceQuality "1"]

1. c4 e6 2. g3 Nf6 3. Nf3 b6 4. Bg2 Bb7 5. b3 Be7 6. Bb2 0-0 7. 0-0 c5 8. d3 d5 9. Nbd2 Nc6 10. a3 Qc7 11. Qc2 Rac8 12. e4 dxe4 13. dxe4 Rfd8 14. e5 Ng4 15. h3 Nh6 16. Rfe1 Nf5 17. Rad1 Nfd4 18. Nxd4 Nxd4 19. Bxd4 Bxg2 20. Kxg2 Rxd4 21. Nf3 Rxd1 22. Rxd1 Rd8 23. Rxd8+ Qxd8 24. Qd2 Qc7 25. Qd3 1/2-1/2

[Event "Luxembourg-chT 9899"]
[Site "Luxembourg"]
[Date "1999.02.28"]
[Round "8"]
[White "Wians, Camille"]
[Black "Mauquoi, Rudi"]
[Result "1-0"]
[WhiteElo "2275"]
[BlackElo "2060"]
[PlyCount "111"]
[EventDate "1998.10.08"]
[EventType "team"]
[EventRounds "10"]
[EventCountry "LUX"]
[SourceTitle "EXT 2005"]
[Source "ChessBase"]
[SourceDate "2004.11.15"]
[SourceVersion "1"]
[SourceVersionDate "2004.11.15"]
[SourceQuality "1"]

1. Nf3 Nf6 2. g3 b6 3. Bg2 Bb7 4. d4 e6 5. 0-0 Be7 6. c4 0-0 7. Nc3 d5 8. Ne5 c6 9. Qa4 Nfd7 10. Nd3 Bf6 11. cxd5 exd5 12. e4 b5 13. Qb3 Bxd4 14. exd5 Bxc3 15. bxc3 cxd5 16. Qxb5 Ba6 17. Qxd5 Nb6 18. Qxd8 Rxd8 19. Bxa8 Nxa8 20. Nf4 Bxf1 21. Kxf1 Nb6 22. Be3 Na4 23. c4 Nc6 24. Rc1 a5 25. a3 h6 26. Ke2 Rb8 27. Nd3 Rb3 28. Ra1 Rc3 29. c5 Kf8 30. Kd2 Rb3 31. Nc1 Rb2+ 32. Kd3 Ke8 33. Kc4 Kd7 34. Nd3 Rc2+ 35. Kb3 Rc3+ 36. Kxa4 Rxd3 37. Ra2 Rc3 38. Rb2 Ne5 39. Rd2+ Kc8 40. Bd4 Rxa3+ 41. Kxa3 Nc4+ 42. Ka4 Nxd2 43. Bxg7 Ne4 44. Bd4 Kc7 45. Kxa5 Kc6 46. Kb4 h5 47. Be3 Nf6 48. Kc4 Nd7 49. h4 Ne5+ 50. Kd4 Ng4 51. Ke4 Nxe3 52. Kxe3 Kxc5 53. Ke4 Kd6 54. Kf5 Ke7 55. f3 f6 56. Kg6 1-0

[Event "Luxembourg-chT 9899"]
[Site "Luxembourg"]
[Date "1998.12.13"]
[Round "5"]
[White "Mauquoi, Rudi"]
[Black "Brittner, Serge"]
[Result "0-1"]
[WhiteElo "2060"]
[BlackElo "2110"]
[PlyCount "62"]
[EventDate "1998.10.08"]
[EventType "team"]
[EventRounds "10"]
[EventCountry "LUX"]
[SourceTitle "EXT 2005"]
[Source "ChessBase"]
[SourceDate "2004.11.15"]
[SourceVersion "1"]
[SourceVersionDate "2004.11.15"]
[SourceQuality "1"]

1. c4 Nf6 2. g3 g6 3. Bg2 Bg7 4. Nc3 0-0 5. b3 e5 6. Bb2 c6 7. e3 d5 8. Nge2 d4 9. Na4 d3 10. Nec3 Na6 11. 0-0 Bg4 12. f3 Bd7 13. Ba3 Re8 14. Nc5 Nxc5 15. Bxc5 Qa5 16. Bd6 Re6 17. b4 Qd8 18. f4 Rxd6 19. fxe5 Re6 20. exf6 Rxf6 21. Qa4 Rxf1+ 22. Rxf1 Bxc3 23. dxc3 Bg4 24. Bf3 Bxf3 25. Rxf3 d2 26. Qd1 Qd3 27. e4 Qxe4 28. Kf2 Rd8 29. Rf4 Qd3 30. Rf3 Qxc4 31. a4 Rd3 0-1